00442nam a2200121Ia 4500008004100000100002000041245008900061245003500150260000900185300002700194440003000221650006900251171207s9999 xx 000 0 und d aLupton, Deborah 4aThe datafied child: The dataveillance of children and implications for their rights  cDeborah Lupton, Ben Williamson c2017 apages 780-94, May 2017 aNew Media & Societyv19:5 aCHILDREN, DATAFICATION, DIGITAL DATA, EDUCATION, PARENTS, RIGHTS